000 00708nam a2200217 a 4500
001 2526260
005 20241212104659.0
008 940304s1994 maua b 001 0 eng
020 _a0669340758 (instructor's ed.)
020 _a9780669334944
050 0 0 _aQH308.2
_b.L45 1994
082 0 0 _a574
_220
100 1 _aLevine, Joseph S.
245 1 0 _aBiology :
_bdiscovering life /
_cJoseph S. Levine, Kenneth R. Miller.
250 _a2nd ed., instructor's ed.
260 _aLexington, Mass. :
_bD.C. Heath and Company
_cc1994.
300 _a13, xxxi, 988, 57 p. :
_bill. (some col.) ;
_c29 cm.
650 0 _aBiology.
700 1 _aMiller, Kenneth R.
_q(Kenneth Raymond),
_d1948-
942 _2lcc
_cBK
_e2nd ed.
_n0
999 _c2094
_d2094